ნორმალური ფორმატი
MARC ფორმატი
ჩანაწერი Personal Name
ჩანაწერთა რაოდენობა, რომელიც გამოყენებულია: 1
001 - CONTROL NUMBER
- control field: 2286
003 - CONTROL NUMBER IDENTIFIER
- control field: GE_BSU
005 - DATE AND TIME OF LATEST TRANSACTION
- control field: 20190607175926.0
008 - FIXED-LENGTH DATA ELEMENTS
- fixed length control field: 190607|| aca||aabn | a|a d
040 ## - CATALOGING SOURCE
- Original cataloging agency: GE_BSU
- Transcribing agency: GE_BSU
100 ## - HEADING--PERSONAL NAME
- Personal name: კალანტაროვა, პ
670 ## - SOURCE DATA FOUND
- Source citation: Work cat.: (GE_BSU)37448: ნეიმანი,ლეონიდ. 2285, ელექტროტექნიკის თეორიული საფუძვლები სამ ნაწილად. ნაწ. მეორე : ცვლადი დენის წრედების თეორია : სახელმძღვ.
